Adquisición de la lectoescritura: revisión crítica de métodos y teorías

Uloženo v:
Podrobná bibliografie
Hlavní autor: Daviña, Lila R (Autor)
Médium: Kniha
Jazyk:španělština
Vydáno: Rosario Homosapiens 1999
Edice:Educación
Témata:
Tagy: Přidat tag
Žádné tagy, Buďte první, kdo vytvoří štítek k tomuto záznamu!

MARC

LEADER 00000nam a2200000 a 4500
001 UCN2320
003 CL-VaPUC
008 010518e19990000AG |||||||||||||||||spa|d
082 0 4 |a 372.6  |b DAV  |2 21 
100 0 |a Daviña, Lila R  |e author  |9 458080 
245 1 0 |a Adquisición de la lectoescritura: revisión crítica de métodos y teorías 
300 |a 107 p 
942 |c BK 
945 |d 20010518 00:00:00  |a vberengu 
260 |a Rosario  |b Homosapiens  |c 1999 
650 0 |a Enseñanza de la lectura  |9 308364 
650 0 |a Alfabetización   |9 310435 
650 0 |a Enseñanza de la escritura  |9 307377 
650 0 |a Adquisición del lenguaje   |9 309032 
583 |a last modification  |c 20010518 00:00:00  |k Rodrigo Vera 
490 0 |a Educación 
999 |c 295428  |d 295426 
952 |0 0  |1 0  |4 0  |6 372_600000000000000_DAV_1999  |7 0  |8 A  |9 348456  |a BIBEDU  |b BIBEDU  |c ES_NOD  |d 2019-11-20  |i 3721337  |o 372.6 DAV 1999  |p 3721337  |r 2023-08-09  |w 2019-11-20  |y BK  |k EPE